Introducción a la Epistemología de la Psicopatología y la Psiquiatría /
সংরক্ষণ করুন:
| প্রধান লেখক: | |
|---|---|
| বিন্যাস: | গ্রন্থ |
| ভাষা: | স্প্যানিশ |
| মালা: | (Convivium)
|
| বিষয়গুলি: | |
| ট্যাগগুলো: |
কোনো ট্যাগ নেই, প্রথমজন হিসাবে ট্যাগ করুন!
|
MARC
| LEADER | 00000nam^a2200000^a^4500 | ||
|---|---|---|---|
| 001 | 000073543 | ||
| 005 | 20250521000000.0 | ||
| 009 | 20260526120558.58 | ||
| 020 | |a 84-344-3940-9 | ||
| 037 | |a Acervo ITESO - Biblioteca | ||
| 041 | |a ESP | ||
| 082 | |a 150. 1 |b TIZ | ||
| 100 | |a Tizón, Jorge L. |e (autor) | ||
| 245 | 1 | 0 | |a Introducción a la Epistemología de la Psicopatología y la Psiquiatría / |c J. Tizón. |
| 264 | |a Barcelona, España : |b Ariel, |c 1978 | ||
| 300 | |a 222 p. | ||
| 336 | |a texto |b txt |2 rdacontenido | ||
| 337 | |a sin mediación |b n |2 rdamedio | ||
| 338 | |a volumen |b nc |2 rdasoporte | ||
| 440 | 1 | |a (Convivium) | |
| 649 | |a XX | ||
| 650 | |a Psicología | ||
| 650 | |a Psicología | ||
| 650 | |a Conocimiento | ||
| 910 | |a Fondo Armando Suárez Gómez | ||
| 920 | |a Impresos - Libros | ||
| 930 | |a Fondos Especiales | ||
| 905 | |a 111 | ||
| 901 | |a 0700001310 |b IT2 |c ESP |u 20250521 | ||
| 902 | |a https://opac.biblio.iteso.mx/vufind/Record/000073543 | ||